| 000 | 00446nam a2200169Ia 4500 | ||
|---|---|---|---|
| 008 | 181130s2018 xx 000 0 und d | ||
| 100 | _aBiju, M.R. | ||
| 245 |
_aThe Rohingya issue _bSouth Asia and beyond |
||
| 260 | _c2018 | ||
| 300 | _ap.21-28. | ||
| 504 | _dJan-Jun | ||
| 650 | _aRefugees | ||
| 650 | _aRohingya | ||
| 700 | _aPadmanabha, M.R.B. Anantha | ||
| 773 | _aSouth Asian Journal of Socio-Political Studies | ||
| 906 | _aRefugees | ||
| 999 |
_c506188 _d506188 |
||